[Event "HUN-chT2 Breyer 0708"]
[Site "Hungary"]
[Date "2008.03.30"]
[Round "9"]
[White "Dibusz, Ferenc"]
[Black "Kiss, Akos"]
[Result "1/2-1/2"]
[WhiteElo "2195"]
[BlackElo "2068"]
[PlyCount "84"]
[EventDate "2007.10.14"]
[EventType "team"]
[EventRounds "11"]
[EventCountry "HUN"]
[SourceTitle "EXT 2009"]
[Source "ChessBase"]
[SourceDate "2008.11.26"]
[SourceVersion "1"]
[SourceVersionDate "2008.11.26"]
[SourceQuality "1"]
[WhiteTeam "Geniusz Tata"]
[BlackTeam "Penzugyor II"]
[WhiteTeamCountry "HUN"]
[BlackTeamCountry "HUN"]

1. d4 Nf6 2. c4 c5 3. d5 b5 4. cxb5 a6 5. bxa6 Bxa6 6. Nc3 d6 7. e4 Bxf1 8. Kxf1 g6 9. Nge2 Bg7 10. Rb1 0-0 11. g3 Nbd7 12. Kg2 Ra6 13. b4 cxb4 14. Rxb4 Nc5 15. Qc2 Qa8 16. Be3 Nfd7 17. Bd4 Rc8 18. Bxg7 Kxg7 19. Rd1 Ne5 20. a4 Rb8 21. Rxb8 Qxb8 22. Rb1 Qa8 23. Ra1 Ned7 24. Nd4 Nf6 25. f3 e6 26. dxe6 fxe6 27. Ncb5 Qc8 28. a5 e5 29. Nb3 Rc6 30. Rc1 Qg8 31. Qc4 d5 32. Qb4 dxe4 33. Rxc5 Rxc5 34. Qxc5 exf3+ 35. Kxf3 Qxb3+ 36. Ke2 Qa2+ 37. Kd1 Qa4+ 38. Kc1 Qa1+ 39. Kc2 Qa2+ 40. Kd1 Qxa5 41. Qxe5 Qa4+ 42. Ke1 Qe4+ 1/2-1/2

[Event "HUN-chT2 Breyer 0708"]
[Site "Hungary"]
[Date "2007.12.09"]
[Round "4"]
[White "Kiss, Akos"]
[Black "Szuts, Janos"]
[Result "0-1"]
[WhiteElo "2068"]
[BlackElo "1982"]
[PlyCount "124"]
[EventDate "2007.10.14"]
[EventType "team"]
[EventRounds "11"]
[EventCountry "HUN"]
[SourceTitle "EXT 2009"]
[Source "ChessBase"]
[SourceDate "2008.11.26"]
[SourceVersion "1"]
[SourceVersionDate "2008.11.26"]
[SourceQuality "1"]
[WhiteTeam "Penzugyor II"]
[BlackTeam "Vertesi Eromu"]
[WhiteTeamCountry "HUN"]
[BlackTeamCountry "HUN"]

1. d4 Nf6 2. c4 d6 3. Nc3 Nbd7 4. e4 e5 5. d5 Nc5 6. Qc2 a5 7. Nge2 g6 8. Ng3 Bg7 9. Be2 0-0 10. h4 h5 11. Bg5 Qd7 12. Qd2 Ng4 13. f3 Nf6 14. Bh6 Nh7 15. Bxg7 Kxg7 16. 0-0-0 Qe7 17. f4 exf4 18. Qxf4 Bd7 19. Rhf1 Qe5 20. Qxe5+ dxe5 21. Rf2 Nf6 22. Kb1 Ng4 23. Bxg4 Bxg4 24. Rdd2 Rad8 25. Nb5 Rd7 26. Nc3 f5 27. Kc2 Rf6 28. a3 a4 29. Rf1 f4 30. Nh1 Rdf7 31. Rdf2 Bd7 32. Re1 Nb3 33. Ne2 Bg4 34. Nc3 Nd4+ 35. Kb1 Bd7 36. Ne2 Nb3 37. Kc2 f3 38. Nc3 Nc5 39. Rg1 fxg2 40. Rfxg2 Bg4 41. Ng3 Rf2+ 42. Kb1 Rxg2 43. Rxg2 Bf3 44. Rg1 Rf4 45. Nf5+ Kh7 46. d6 cxd6 47. Nxd6 Rxh4 48. Nf7 Nxe4 49. Nxe5 Nxc3+ 50. Kc2 Be4+ 51. Kxc3 Rh1 52. Rg3 h4 53. Re3 Bf5 54. Nf7 Kg7 55. Nd6 Bg4 56. Nxb7 h3 57. Re7+ Kf6 58. Rh7 Bh5 59. Nc5 Re1 60. Nd3 Re3 61. Kd4 Rxd3+ 62. Kxd3 h2 0-1

[Event "HUN-chT2 Breyer 0708"]
[Site "Hungary"]
[Date "2007.11.11"]
[Round "2"]
[White "Vargyas, Zoltan"]
[Black "Kiss, Akos"]
[Result "1-0"]
[WhiteElo "2158"]
[BlackElo "2068"]
[PlyCount "79"]
[EventDate "2007.10.14"]
[EventType "team"]
[EventRounds "11"]
[EventCountry "HUN"]
[SourceTitle "EXT 2009"]
[Source "ChessBase"]
[SourceDate "2008.11.26"]
[SourceVersion "1"]
[SourceVersionDate "2008.11.26"]
[SourceQuality "1"]
[WhiteTeam "Balatonfuered"]
[BlackTeam "Penzugyor II"]
[WhiteTeamCountry "HUN"]
[BlackTeamCountry "HUN"]

1. d4 Nf6 2. c4 c5 3. e3 d6 4. Nc3 Nbd7 5. Nf3 g6 6. Be2 Bg7 7. 0-0 0-0 8. d5 Ne8 9. Rb1 f5 10. Qc2 Ne5 11. b4 cxb4 12. Rxb4 b6 13. Nd4 Bd7 14. f4 Nf7 15. Qd3 Nc7 16. Bd2 Na6 17. Rbb1 Nc5 18. Qc2 e5 19. dxe6 Nxe6 20. Nxe6 Bxe6 21. Rfd1 Rc8 22. Qa4 Qe7 23. Nb5 a5 24. Qb3 Rc5 25. Nd4 Rb8 26. Rdc1 d5 27. Nxe6 Qxe6 28. cxd5 Qxd5 29. Rxc5 Qxc5 30. Bc4 Rb7 31. Kf2 Kf8 32. Bxf7 Rxf7 33. Rc1 Qd6 34. Rc8+ Ke7 35. Bc1 Qf6 36. Ba3+ Kd7 37. Qc4 Bf8 38. Qc7+ Ke6 39. Qxb6+ Kd7 40. Rc7+ 1-0

[Event "HUN-chT2 Breyer 0607"]
[Site "Hungary"]
[Date "2007.05.06"]
[Round "10"]
[White "Kiss, Akos"]
[Black "Pesztericz, Laszlo"]
[Result "1-0"]
[WhiteElo "2069"]
[BlackElo "2168"]
[PlyCount "45"]
[EventDate "2006.11.12"]
[EventType "team"]
[EventRounds "11"]
[EventCountry "HUN"]
[SourceTitle "EXT 2008"]
[Source "ChessBase"]
[SourceDate "2007.11.25"]
[SourceVersion "1"]
[SourceVersionDate "2007.11.25"]
[SourceQuality "1"]
[WhiteTeam "Penzugyor II"]
[BlackTeam "Honved II"]
[WhiteTeamCountry "HUN"]
[BlackTeamCountry "HUN"]

1. d4 Nf6 2. c4 g6 3. Nc3 Bg7 4. e4 d6 5. Nge2 0-0 6. Ng3 e5 7. d5 c5 8. Be2 Ne8 9. h4 f5 10. exf5 gxf5 11. Bg5 Qb6 12. Qd2 h6 13. Bxh6 Bxh6 14. Qxh6 Qxb2 15. Rc1 f4 16. Qg6+ Kh8 17. Bd3 Qxc1+ 18. Nd1 e4 19. Bxe4 Bf5 20. Nxf5 Qa1 21. Qh5+ Kg8 22. Ne7+ Kg7 23. Qg6+ 1-0

[Event "HUN-chT2 Erkel 0506"]
[Site "Hungary"]
[Date "2005.11.27"]
[Round "4"]
[White "Takacs, Lajos"]
[Black "Kiss, Akos"]
[Result "1/2-1/2"]
[WhiteElo "2237"]
[BlackElo "2091"]
[PlyCount "130"]
[EventDate "2005.10.16"]
[EventType "team"]
[EventRounds "11"]
[EventCountry "HUN"]
[SourceTitle "EXT 2009"]
[Source "ChessBase"]
[SourceDate "2008.11.26"]
[SourceVersion "1"]
[SourceVersionDate "2008.11.26"]
[SourceQuality "1"]
[WhiteTeam "Ujszasz"]
[BlackTeam "Penzugyor II"]
[WhiteTeamCountry "HUN"]
[BlackTeamCountry "HUN"]

1. e4 c5 2. Ne2 Nc6 3. c4 Nf6 4. Nbc3 d6 5. d4 cxd4 6. Nxd4 Qb6 7. Nc2 e6 8. Be2 Be7 9. 0-0 0-0 10. b4 a6 11. Be3 Qc7 12. f4 Bd7 13. Qe1 Na7 14. Qf2 b5 15. Bb6 Qb7 16. e5 dxe5 17. fxe5 Ne8 18. cxb5 Nxb5 19. Nxb5 Bxb5 20. Bf3 Bc6 21. Bc5 Bxc5 22. bxc5 Bxf3 23. Qxf3 Qxf3 24. Rxf3 Rc8 25. Rc3 Nc7 26. Ne3 Rfd8 27. Rd1 Rxd1+ 28. Nxd1 Nd5 29. Rc4 Nb6 30. Rd4 Nd5 31. Rc4 Kf8 32. Nb2 Ke7 33. Nd3 Kd7 34. Ra4 Ra8 35. Ra5 Kc7 36. Kf2 Kb7 37. Kf3 Ne7 38. Nb4 Nc6 39. Nxc6 Kxc6 40. Ke4 Kb7 41. Ra3 Rd8 42. Rf3 Rd7 43. g4 Kc6 44. Ra3 Kxc5 45. Rxa6 Rd4+ 46. Kf3 Rd3+ 47. Kg2 Rd2+ 48. Kg3 Rd3+ 49. Kg2 Rd2+ 50. Kg3 Rd3+ 51. Kf4 Rd4+ 52. Kg5 Re4 53. Ra7 Rxe5+ 54. Kf4 Re2 55. h4 Kb6 56. Ra8 h6 57. Kf3 Rc2 58. g5 hxg5 59. hxg5 Rc5 60. Kf4 Rf5+ 61. Kg4 Ra5 62. Rf8 Ra7 63. g6 fxg6 64. Re8 Rxa2 65. Rxe6+ Kc5 1/2-1/2

[Event "HUN-chT2 Erkel 0304"]
[Site "Hungary"]
[Date "2004.04.18"]
[Round "11"]
[White "Kiss, Akos"]
[Black "Hoang, Tri"]
[Result "1-0"]
[WhiteElo "2079"]
[BlackElo "2060"]
[PlyCount "106"]
[EventDate "2003.09.28"]
[EventType "team"]
[EventRounds "11"]
[EventCountry "HUN"]
[SourceTitle "EXT 2009"]
[Source "ChessBase"]
[SourceDate "2008.11.26"]
[SourceVersion "1"]
[SourceVersionDate "2008.11.26"]
[SourceQuality "1"]
[WhiteTeam "Penzugyor II"]
[BlackTeam "Barcza"]
[WhiteTeamCountry "HUN"]
[BlackTeamCountry "HUN"]

1. d4 d5 2. Nf3 Nf6 3. c4 c6 4. e3 g6 5. Nc3 Bg7 6. cxd5 Nxd5 7. Nxd5 Qxd5 8. Be2 0-0 9. 0-0 Nd7 10. a3 e5 11. b4 exd4 12. Nxd4 a5 13. Bb2 Nb6 14. Rc1 axb4 15. axb4 Qd6 16. Nxc6 Qxd1 17. Ne7+ Kh8 18. Bxg7+ Kxg7 19. Rfxd1 Be6 20. Rd6 Nc4 21. Bxc4 Bxc4 22. h3 b5 23. Nc6 Ra6 24. Rcd1 Rc8 25. Ne5 Ra4 26. Rb1 Ba2 27. Rb2 Rc1+ 28. Kh2 Bc4 29. Rc6 Raa1 30. Nxc4 bxc4 31. Kg3 c3 32. Rb3 Ra2 33. Rcxc3 Rf1 34. b5 Ra7 35. b6 Rb7 36. Rc6 Rd1 37. Rc7 Rxc7 38. bxc7 Rc1 39. Rb7 Kf6 40. Kf4 Ke6 41. Kg5 h5 42. h4 Rc5+ 43. Kf4 Rf5+ 44. Ke4 Kd7 45. f3 Kc8 46. Ra7 f6 47. g4 hxg4 48. fxg4 Rf1 49. h5 gxh5 50. gxh5 Kd7 51. h6 Rh1 52. h7 f5+ 53. Kd5 Rd1+ 1-0

[Event "HUN-chT2 Erkel 0304"]
[Site "Hungary"]
[Date "2004.03.21"]
[Round "9"]
[White "Kiss, Akos"]
[Black "Nemeth, Laszlo"]
[Result "1/2-1/2"]
[WhiteElo "2079"]
[BlackElo "2061"]
[PlyCount "24"]
[EventDate "2003.09.28"]
[EventType "team"]
[EventRounds "11"]
[EventCountry "HUN"]
[SourceTitle "EXT 2009"]
[Source "ChessBase"]
[SourceDate "2008.11.26"]
[SourceVersion "1"]
[SourceVersionDate "2008.11.26"]
[SourceQuality "1"]
[WhiteTeam "Penzugyor II"]
[BlackTeam "Hatvan"]
[WhiteTeamCountry "HUN"]
[BlackTeamCountry "HUN"]

1. d4 Nf6 2. c4 e5 3. dxe5 Ne4 4. Nf3 Nc6 5. g3 Bb4+ 6. Bd2 Nxd2 7. Nbxd2 Qe7 8. Bg2 Bxd2+ 9. Qxd2 Nxe5 10. Nxe5 Qxe5 11. 0-0 0-0 12. Rfd1 d6 1/2-1/2

[Event "HUN-chT2 Erkel 0304"]
[Site "Hungary"]
[Date "2004.02.22"]
[Round "8"]
[White "Kiss, Akos"]
[Black "Antal, Attila"]
[Result "1/2-1/2"]
[WhiteElo "2079"]
[BlackElo "2113"]
[PlyCount "52"]
[EventDate "2003.09.28"]
[EventType "team"]
[EventRounds "11"]
[EventCountry "HUN"]
[SourceTitle "EXT 2009"]
[Source "ChessBase"]
[SourceDate "2008.11.26"]
[SourceVersion "1"]
[SourceVersionDate "2008.11.26"]
[SourceQuality "1"]
[WhiteTeam "Penzugyor II"]
[BlackTeam "Fuzesabony"]
[WhiteTeamCountry "HUN"]
[BlackTeamCountry "HUN"]

1. d4 d5 2. Nf3 Nf6 3. c4 c6 4. Nc3 e6 5. cxd5 exd5 6. Bg5 Bf5 7. e3 Nbd7 8. Bd3 Bxd3 9. Qxd3 Be7 10. 0-0 0-0 11. a3 Ne4 12. Bxe7 Qxe7 13. Nd2 Rfe8 14. b4 a5 15. Ncxe4 dxe4 16. Qc4 Qg5 17. Rfb1 Rab8 18. Nb3 a4 19. Nc5 b5 20. Qc2 Nxc5 21. Qxc5 Qxc5 22. dxc5 Rbd8 23. Rd1 Kf8 24. Kf1 Ke7 25. Ke2 Ke6 26. f3 exf3+ 1/2-1/2

[Event "HUN-chT2 Erkel 0304"]
[Site "Hungary"]
[Date "2003.11.16"]
[Round "3"]
[White "Gal, Sandor"]
[Black "Kiss, Akos"]
[Result "0-1"]
[WhiteElo "2189"]
[BlackElo "2079"]
[PlyCount "38"]
[EventDate "2003.09.28"]
[EventType "team"]
[EventRounds "11"]
[EventCountry "HUN"]
[SourceTitle "EXT 2009"]
[Source "ChessBase"]
[SourceDate "2008.11.26"]
[SourceVersion "1"]
[SourceVersionDate "2008.11.26"]
[SourceQuality "1"]
[WhiteTeam "Heves"]
[BlackTeam "Penzugyor II"]
[WhiteTeamCountry "HUN"]
[BlackTeamCountry "HUN"]

1. d4 Nf6 2. Nf3 g6 3. c4 Bg7 4. Nc3 d6 5. e4 0-0 6. Be2 Nbd7 7. 0-0 e5 8. d5 Nc5 9. Qc2 a5 10. a3 Ne8 11. Nd2 f5 12. Nb3 Nxb3 13. Qxb3 f4 14. Qd1 Nf6 15. Rb1 g5 16. h3 Qe8 17. Bg4 Nxg4 18. hxg4 h5 19. gxh5 g4 0-1

[Event "HUN-chT2 Erkel 0203"]
[Site "Hungary"]
[Date "2003.04.13"]
[Round "11"]
[White "Veres, Istvan"]
[Black "Kiss, Akos"]
[Result "0-1"]
[WhiteElo "2105"]
[BlackElo "2049"]
[PlyCount "52"]
[EventDate "2002.09.22"]
[EventType "team"]
[EventRounds "11"]
[EventCountry "HUN"]
[SourceTitle "EXT 2009"]
[Source "ChessBase"]
[SourceDate "2008.11.26"]
[SourceVersion "1"]
[SourceVersionDate "2008.11.26"]
[SourceQuality "1"]

1. e4 g6 2. d4 d6 3. f4 Bg7 4. Nf3 Nf6 5. Nc3 0-0 6. Be2 c6 7. 0-0 a5 8. Kh1 Na6 9. Be3 Nc7 10. a4 Rb8 11. Nd2 b5 12. Bf3 b4 13. Ne2 Ba6 14. g4 Nd7 15. Rf2 Nb6 16. Ng3 Nc4 17. Nxc4 Bxc4 18. Qd2 c5 19. c3 bxc3 20. Qxc3 cxd4 21. Bxd4 Rb3 22. Qd2 Rd3 23. Bb6 Rxd2 24. Rxd2 Qb8 25. Bxa5 Qa7 26. Bxc7 Qe3 0-1

[Event "HUN-chT 0001"]
[Site "Hungary"]
[Date "2001.01.21"]
[Round "5"]
[White "Kiss, Akos"]
[Black "Tancsa, Robert"]
[Result "0-1"]
[WhiteElo "2086"]
[BlackElo "2209"]
[PlyCount "138"]
[EventDate "2000.11.26"]
[EventType "team"]
[EventRounds "11"]
[EventCountry "HUN"]
[SourceTitle "EXT 2009"]
[Source "ChessBase"]
[SourceDate "2008.11.26"]
[SourceVersion "1"]
[SourceVersionDate "2008.11.26"]
[SourceQuality "1"]
[WhiteTeam "Penzugyor"]
[BlackTeam "Paks"]
[WhiteTeamCountry "HUN"]
[BlackTeamCountry "HUN"]

1. d4 Nf6 2. c4 g6 3. Nc3 Bg7 4. e4 d6 5. Nf3 0-0 6. Be2 e5 7. dxe5 dxe5 8. Qxd8 Rxd8 9. Bg5 Re8 10. Nd5 Nxd5 11. cxd5 c6 12. Bc4 b5 13. Bb3 Bb7 14. Rd1 c5 15. 0-0 Nd7 16. Nd2 Bf8 17. Rc1 Rac8 18. Bd1 h5 19. Be2 c4 20. Rc3 Bc5 21. b3 f6 22. Be3 Bxe3 23. Rxe3 c3 24. Nf3 b4 25. Rc1 Nc5 26. Bc4 Ba6 27. Bxa6 Nxa6 28. Ne1 Nc5 29. Nd3 Nxd3 30. Rxd3 Kf7 31. Rc2 Red8 32. Kf1 Ke7 33. Ke2 Rc5 34. Rg3 g5 35. Rd3 Rd6 36. Rd1 Ra6 37. Kd3 Kd6 38. Re1 Ra3 39. Ree2 Ra6 40. Re1 Raa5 41. Ra1 Ra3 42. Re1 Rca5 43. Ree2 Kc5 44. Ke3 Ra6 45. Kd3 Kb5 46. h3 Kc5 47. Ke3 Rd6 48. Re1 a5 49. Kd3 a4 50. bxa4 Ra6 51. Re3 R3xa4 52. Ree2 Kb5 53. f3 h4 54. Rf2 Ra8 55. Rfe2 Rc8 56. Re1 Rc4 57. Ke3 Rd4 58. Rb1 Kc4 59. Ke2 Ra3 60. Rd1 Rxd1 61. Kxd1 b3 62. axb3+ Kxb3 63. Rc1 Ra2 64. Ke1 Rd2 65. Rd1 Rxd1+ 66. Kxd1 Kb2 67. d6 c2+ 68. Ke2 c1Q 69. d7 Qc4+ 0-1

[Event "Budapest FS02 schev"]
[Site "Budapest"]
[Date "1999.??.??"]
[Round "?"]
[White "Beszterczey, Laszlo"]
[Black "Kiss, Akos"]
[Result "1-0"]
[WhiteElo "2134"]
[BlackElo "2015"]
[PlyCount "101"]
[EventDate "1999.02.??"]
[EventType "schev"]
[EventRounds "9"]
[EventCountry "HUN"]
[SourceTitle "EXT 2004"]
[Source "ChessBase"]
[SourceDate "2003.11.25"]
[SourceVersion "1"]
[SourceVersionDate "2003.11.25"]
[SourceQuality "1"]

1. g3 Nf6 2. Bg2 g6 3. e4 d6 4. d3 Bg7 5. Ne2 0-0 6. 0-0 e5 7. Nbc3 c6 8. h3 Nh5 9. g4 Nf6 10. f4 exf4 11. Bxf4 Qe7 12. Ng3 Nfd7 13. Qd2 Ne5 14. Rae1 Na6 15. b3 Nc7 16. d4 Nd7 17. Bh6 Ne6 18. Nce2 Qh4 19. Be3 Qe7 20. c4 c5 21. e5 cxd4 22. exd6 Qxd6 23. Bh6 Bxh6 24. Qxh6 d3 25. Ne4 Qb6+ 26. Kh1 dxe2 27. Rxe2 Qd4 28. Rd2 Qg7 29. Qe3 a6 30. Rxd7 Bxd7 31. Nf6+ Kh8 32. Nxd7 Rfe8 33. Nf6 Re7 34. g5 Rd8 35. Bd5 Rd6 36. h4 Qf8 37. Qc3 Ng7 38. h5 gxh5 39. Qc2 Rxf6 40. gxf6 Re3 41. fxg7+ Qxg7 42. Qf5 h6 43. Be4 b6 44. Rg1 Rxe4 45. Qxe4 Qf8 46. Qe5+ Kh7 47. Qf5+ Kh8 48. Qf6+ Kh7 49. Rf1 Qa8+ 50. Qf3 Qxf3+ 51. Rxf3 1-0

[Event "Budapest FS02 schev"]
[Site "Budapest"]
[Date "1999.??.??"]
[Round "?"]
[White "Kiss, Akos"]
[Black "Mitlasovszki, Imre"]
[Result "1-0"]
[WhiteElo "2015"]
[BlackElo "2051"]
[PlyCount "99"]
[EventDate "1999.02.??"]
[EventType "schev"]
[EventRounds "9"]
[EventCountry "HUN"]
[SourceTitle "EXT 2004"]
[Source "ChessBase"]
[SourceDate "2003.11.25"]
[SourceVersion "1"]
[SourceVersionDate "2003.11.25"]
[SourceQuality "1"]

1. d4 d5 2. Nf3 Nf6 3. c4 e6 4. Nc3 Nbd7 5. Bg5 c6 6. cxd5 exd5 7. Bxf6 Nxf6 8. e3 Bd6 9. Bd3 0-0 10. 0-0 Bg4 11. h3 Bh5 12. Be2 Re8 13. a3 Ne4 14. Nxe4 dxe4 15. Nd2 Bg6 16. b4 Qg5 17. Nc4 Bc7 18. a4 Re6 19. Bg4 f5 20. Be2 Bf7 21. Re1 Kh8 22. Rc1 Rh6 23. Kh1 f4 24. Bg4 f3 25. gxf3 Bh5 26. f4 Bxg4 27. fxg5 Rxh3+ 28. Kg2 Rh2+ 29. Kf1 Bf3 30. Qxf3 exf3 31. Kg1 Rg2+ 32. Kh1 Rxg5 33. Nd2 Rf8 34. Rc5 Rg6 35. Rh5 Rgf6 36. Ne4 Rf5 37. Rh3 g5 38. Rg1 Rg8 39. Rh5 Rg6 40. Rgxg5 Rfxg5 41. Nxg5 h6 42. Nxf3 Kg7 43. Ne5 Rg5 44. Rxg5+ hxg5 45. Nd3 Kf6 46. Kg2 a5 47. Kf3 axb4 48. Nxb4 Ba5 49. Nd3 Bc3 50. Nc5 1-0

[Event "Budapest FS02 schev"]
[Site "Budapest"]
[Date "1999.??.??"]
[Round "?"]
[White "Kiss, Akos"]
[Black "Oberfrank, Istvan"]
[Result "0-1"]
[WhiteElo "2015"]
[BlackElo "2100"]
[PlyCount "112"]
[EventDate "1999.02.??"]
[EventType "schev"]
[EventRounds "9"]
[EventCountry "HUN"]
[SourceTitle "EXT 2004"]
[Source "ChessBase"]
[SourceDate "2003.11.25"]
[SourceVersion "1"]
[SourceVersionDate "2003.11.25"]
[SourceQuality "1"]

1. d4 Nf6 2. c4 g6 3. Nc3 Bg7 4. e4 d6 5. Nf3 0-0 6. Be2 e5 7. dxe5 dxe5 8. Qxd8 Rxd8 9. Bg5 c6 10. Nxe5 Re8 11. Rd1 Na6 12. Nf3 Nc5 13. Nd2 h6 14. Be3 Nfxe4 15. Ndxe4 Nxe4 16. Nxe4 Rxe4 17. Rd8+ Kh7 18. b3 Bc3+ 19. Bd2 Bg4 20. f3 Rxd8 21. Bxc3 Re3 22. Bd2 Re6 23. fxg4 Rde8 24. 0-0 Rxe2 25. Rxf7+ Kg8 26. Rd7 R2e7 27. Rd6 Kh7 28. Bb4 Rf7 29. Bc3 Ref8 30. h3 g5 31. Bd4 a6 32. Bc3 Re8 33. Kh2 Rfe7 34. Kg1 Re3 35. Bd4 R3e6 36. Rd7+ R8e7 37. Rd8 Re8 38. Rd7+ R8e7 39. Rd8 Re1+ 40. Kh2 Rd1 41. Rh8+ Kg6 42. Rg8+ Kf7 43. Rg7+ Kf8 44. Rxe7 Kxe7 45. Bc5+ Kf7 46. Be3 Ra1 47. h4 Rxa2 48. hxg5 hxg5 49. Bxg5 Rb2 50. Bd8 Rxb3 51. c5 Rb5 52. Bb6 a5 53. Kg3 a4 54. Bc7 a3 55. Be5 a2 56. g5 Rxc5 0-1

[Event "Budapest FS02 schev"]
[Site "Budapest"]
[Date "1999.??.??"]
[Round "?"]
[White "Lukacs, Jozsef"]
[Black "Kiss, Akos"]
[Result "0-1"]
[WhiteElo "2104"]
[BlackElo "2015"]
[PlyCount "90"]
[EventDate "1999.02.??"]
[EventType "schev"]
[EventRounds "9"]
[EventCountry "HUN"]
[SourceTitle "EXT 2004"]
[Source "ChessBase"]
[SourceDate "2003.11.25"]
[SourceVersion "1"]
[SourceVersionDate "2003.11.25"]
[SourceQuality "1"]

1. d4 Nf6 2. Bg5 g6 3. e3 Bg7 4. Be2 d6 5. f4 0-0 6. Bf3 Nbd7 7. Nh3 h6 8. Bxf6 Bxf6 9. Qd3 c5 10. Bd5 Kh7 11. f5 Qa5+ 12. c3 cxd4 13. Bxf7 Qxf5 14. Qxf5 gxf5 15. Be6 dxc3 16. Nxc3 Bxc3+ 17. bxc3 Nc5 18. Bxc8 Raxc8 19. Rb1 b6 20. Rf1 Na4 21. Nf4 Nxc3 22. Rb2 Ne4 23. Nd5 e6 24. Nf4 e5 25. Nd5 Rc5 26. Nb4 Rc3 27. Ke2 Rc5 28. g4 Nc3+ 29. Kd2 Rg8 30. Nd3 Rc7 31. gxf5 Ne4+ 32. Ke2 Rg2+ 33. Ke1 Rxb2 34. Nxb2 Rc1+ 35. Nd1 Nc3 36. Kd2 Rxd1+ 37. Rxd1 Nxd1 38. Kxd1 e4 39. Kc2 Kg7 40. Kc3 Kf6 41. Kd4 Kxf5 42. Kd5 b5 43. Kxd6 Kg4 44. Kc5 Kf3 45. Kd4 a5 0-1

[Event "Budapest FS02 schev"]
[Site "Budapest"]
[Date "1999.??.??"]
[Round "?"]
[White "Mosonyi, Istvan"]
[Black "Kiss, Akos"]
[Result "1/2-1/2"]
[WhiteElo "2075"]
[BlackElo "2015"]
[PlyCount "102"]
[EventDate "1999.02.??"]
[EventType "schev"]
[EventRounds "9"]
[EventCountry "HUN"]
[SourceTitle "EXT 2004"]
[Source "ChessBase"]
[SourceDate "2003.11.25"]
[SourceVersion "1"]
[SourceVersionDate "2003.11.25"]
[SourceQuality "1"]

1. c4 Nf6 2. Nc3 g6 3. e4 d6 4. d4 Bg7 5. Nf3 0-0 6. h3 Nbd7 7. Be3 e5 8. dxe5 dxe5 9. Qd2 c6 10. 0-0-0 Qe7 11. Bh6 Nc5 12. Bxg7 Kxg7 13. Qe3 a5 14. g4 Bd7 15. Be2 Rfc8 16. Kb1 Rab8 17. Qg5 Re8 18. Qe3 Rec8 19. Qg5 Re8 20. Qe3 Rec8 21. Nh4 h6 22. Rhg1 Nh7 23. Nf3 Ng5 24. Nxe5 Qxe5 25. f4 Qe7 26. fxg5 Qxg5 27. Qd4+ Kg8 28. h4 Qe7 29. h5 g5 30. Rgf1 Rd8 31. Qd6 Qxd6 32. Rxd6 Re8 33. Na4 Bxg4 34. Bxg4 Nxa4 35. Rxh6 Rxe4 36. Bd1 Nb6 37. Rg1 Kg7 38. Rd6 f6 39. h6+ Kxh6 40. Rxf6+ Kg7 41. Rd6 Re5 42. b3 Rf8 43. Bc2 Rf6 44. Rd8 Rfe6 45. Kb2 Rf6 46. Rb8 Rf7 47. Rh1 Ree7 48. Rg1 Kf6 49. Rf1+ Ke5 50. Rg1 Rg7 51. Rf8 a4 1/2-1/2